| 000 | 00621nam a22002057a 4500 | ||
|---|---|---|---|
| 999 |
_c157758 _d157758 |
||
| 005 | 20180928130944.0 | ||
| 010 | _aENG-124083 | ||
| 020 |
_a9789388028264 _c595.00 |
||
| 035 | _aEN-107615 | ||
| 037 | _bDBAD/PUB | ||
| 082 | _a338.6 | ||
| 100 | _aCabral, Luis M.B. | ||
| 245 |
_aIntroduction to industrial organization / _cby Luis M.B. Cabral |
||
| 250 | _a2nd ed. | ||
| 260 |
_c2018 _aDelhi _bPHI Learning Pvt. Ltd. |
||
| 270 |
_bDelhi _aRimjhim House, 111, Patparganj Industrial Estate, _e110092 |
||
| 300 |
_ax,427p. _c25cm.(pbk) |
||
| 500 | _aIt includes index | ||
| 942 |
_2ddc _cEN _h338.6 _mCAB |
||